[Event "Dvorkovich Mem 2013"]
[Site "Taganrog RUS"]
[Date "2013.01.18"]
[Round "4.11"]
[White "Papin,V"]
[Black "Demianjuk,A"]
[Result "1-0"]
[WhiteElo "2568"]
[BlackElo "2340"]

1.Nf3 d5 2.c4 c6 3.g3 dxc4 4.Bg2 g6 5.Na3 Bg7 6.Nxc4 Nh6 7.d3 Nf5 8.Bd2 O-O
9.Bc3 Nd4 10.Nxd4 Bxd4 11.O-O Be6 12.Nd2 Bg7 13.Ne4 Bd5 14.Qd2 Nd7 15.f4 e6
16.Bxg7 Kxg7 17.Nf2 Bxg2 18.Kxg2 Kg8 19.g4 f5 20.e4 Nf6 21.Qe2 Qd6 22.gxf5 gxf5
23.e5 Qd5+ 24.Kh3 Kh8 25.Rg1 Ng4 26.Nxg4 fxg4+ 27.Rxg4 Rad8 28.Rd1 Rg8 29.Qg2 Qd4
30.Rg1 Qxd3+ 31.Kh4 Rxg4+ 32.Qxg4 Qd7 33.f5 exf5 34.Qg5 Rf8 35.e6 Qd4+ 36.Kh3 f4
37.e7 Re8 38.Re1 Qxb2 39.Re5 Qa3+ 40.Kh4 Qd6 41.Qxf4 c5 42.Qf7 Qg6 43.Qf8+ Qg8
44.Rf5  1-0

[Event "TCh-CAT Div Hon 2013"]
[Site "Catalonia ESP"]
[Date "2013.01.19"]
[Round "1.3"]
[White "Alonso Rosell,A"]
[Black "Delorme,Ax"]
[Result "1/2-1/2"]
[WhiteElo "2552"]
[BlackElo "2471"]

1.Nf3 d5 2.c4 e6 3.g3 Nf6 4.Bg2 dxc4 5.Qa4+ c6 6.Qxc4 b5 7.Qc2 Bb7 8.O-O Nbd7
9.a4 a6 10.Nc3 Be7 11.d3 Nd5 12.Nxd5 cxd5 13.axb5 axb5 14.Rxa8 Qxa8 15.Nd4 b4
16.Qc7 Bd8 17.Qd6 Be7 18.Qc7 Bd8 19.Qc2 Bf6 20.Be3 O-O 21.Qb3 Qa5 22.Nc2 Nc5
23.Qxb4 Qxb4 24.Nxb4 Na4 25.Rc1 Nxb2 26.Rc7 Ba8 27.Bc5 Re8 28.d4 Nc4 29.e3 Nd2
30.Nd3 Rb8 31.Bb4 Nc4 32.Bf1 Bd8 33.Ra7 Bb6 34.Ra1 Bc6 35.Bc5 Ra8 36.Rxa8+ Bxa8
37.Bxb6  1/2-1/2

[Event "Dvorkovich Mem 2013"]
[Site "Taganrog RUS"]
[Date "2013.01.19"]
[Round "5.24"]
[White "Ivaschenko,V"]
[Black "Bykova,Anastasia"]
[Result "1-0"]
[WhiteElo "2275"]
[BlackElo "2025"]

1.Nf3 d5 2.c4 c6 3.Qa4 Nd7 4.cxd5 Nb6 5.Qc2 cxd5 6.Nc3 Bd7 7.d3 e6 8.e4 Bc6
9.Be3 Ne7 10.Be2 Ng6 11.O-O Be7 12.a4 a5 13.Qb3 Ra6 14.d4 Ra8 15.Ne5 O-O
16.Nxg6 hxg6 17.e5 Bb4 18.Nb5 Qd7 19.f4 Rfc8 20.Rf3 Nc4 21.Bc1 Bxb5 22.axb5 Qxb5
23.Rh3 Qb6 24.Qd3 a4 25.Kf1 Kf8 26.Rh7 Na5 27.f5 exf5 28.Bg5 Ke8 29.Rxg7 Nc4
30.Qh3 Qxd4 31.Qh8+ Bf8 32.Rxf7 Nd2+ 33.Bxd2 Kxf7 34.e6+ Kxe6 35.Qxd4 Bd6
36.Bf3  1-0

[Event "73rd ch-ARM 2013"]
[Site "Yerevan ARM"]
[Date "2013.01.19"]
[Round "7.4"]
[White "Grigoryan,Av"]
[Black "Aghasaryan,R"]
[Result "1-0"]
[WhiteElo "2599"]
[BlackElo "2443"]

1.Nf3 d5 2.c4 c6 3.e3 Nf6 4.Nc3 e6 5.Qc2 Nbd7 6.b3 Bd6 7.Bb2 O-O 8.Be2 Re8
9.Rg1 e5 10.cxd5 Nxd5 11.Ne4 Bc7 12.g4 N7f6 13.g5 Nxe4 14.Qxe4 Qe7 15.a3 g6
16.d3 b5 17.Qh4 Nf4 18.exf4 exf4 19.O-O-O Qc5+ 20.Kd2  1-0

[Event "TCh-SVK Extraliga 2012-13"]
[Site "Slovakia SVK"]
[Date "2013.01.20"]
[Round "6.6"]
[White "Rachela,M"]
[Black "Michalik,P"]
[Result "0-1"]
[WhiteElo "2364"]
[BlackElo "2508"]

1.Nf3 d5 2.c4 d4 3.e3 Nc6 4.exd4 Nxd4 5.Nxd4 Qxd4 6.Nc3 c6 7.Be2 Nh6 8.b4 Qd8
9.O-O g6 10.b5 Nf5 11.bxc6 bxc6 12.Qa4 Nd4 13.Re1 Bh6 14.Bf1 O-O 15.Rb1 Qc7
16.Ba3 Be6 17.Ne4 Bf5 18.d3 Bxe4 19.Rxe4 c5 20.Rbe1 Ne6 21.Re5 Bf4 22.R5e2 Bxh2+
23.Kh1 Bd6 24.Bb2 Rab8 25.Bc3 Nd4 26.Re3 e6 27.Qd1 Rfd8 28.Rh3 Bf8 29.g4 Bg7
30.Bg2 Nf3 31.Bxg7 Nxe1 32.Bf6 Qf4 33.Bh4 Nxg2 34.Kxg2 Rd4 35.Bg3 Qxg4 36.Qxg4 Rxg4
37.Kf3 Rxg3+ 38.fxg3 Rb2 39.Ke4 Re2+ 40.Kf4 Rxa2 41.Ke5 Ra6 42.g4 Kg7 43.g5 Rb6
44.Rh2 a5 45.Ra2 Ra6 46.Ra4 h6 47.gxh6+ Kxh6 48.Kf6 Ra7 49.d4 cxd4 50.c5 Rc7
51.Rxd4 Rxc5 52.Kxf7 e5 53.Re4 Rc6 54.Rxe5 Ra6  0-1

[Event "Dvorkovich Mem 2013"]
[Site "Taganrog RUS"]
[Date "2013.01.20"]
[Round "6.2"]
[White "Papin,V"]
[Black "Sjugirov,S"]
[Result "1/2-1/2"]
[WhiteElo "2568"]
[BlackElo "2643"]

1.Nf3 d5 2.c4 c6 3.g3 Nf6 4.Bg2 dxc4 5.O-O Nbd7 6.Na3 Nb6 7.Qc2 g6 8.Nxc4 Nxc4
9.Qxc4 Bg7 10.d3 O-O 11.Bd2 Nd5 12.Rab1 a5 13.Qh4 e5 14.Bg5 f6 15.Bh6 g5
16.Qh5 Qe8 17.Qxe8 Rxe8 18.Bxg7 Kxg7 19.Nd2 Bg4 20.Bf3 Bxf3 21.Nxf3 e4 22.dxe4 Rxe4
23.e3 Kg6 24.Rfd1 a4 25.a3 f5 26.Rd3 f4 27.exf4 gxf4 28.b3 axb3 29.Rdxb3 b5
30.Rc1 Ra6 31.Rd3 Kf6 32.Nd4 Ne7 33.gxf4 Rxf4 34.Nxc6 Nxc6 35.Rd6+ Kg7 36.Rdxc6 Rxa3
37.Rb6 Rb3 38.Rc7+ Rf7 39.Rc5 Rb1+ 40.Kg2 Rb2 41.Rg5+ Kf8 42.Rb8+ Ke7 43.Rb7+ Kf8
44.Rb8+ Ke7  1/2-1/2

[Event "5th Chennai Open 2013"]
[Site "Chennai IND"]
[Date "2013.01.21"]
[Round "9"]
[White "Krishna Teja,N"]
[Black "Ziatdinov,R"]
[Result "1/2-1/2"]
[WhiteElo "2118"]
[BlackElo "2354"]

1.Nf3 d5 2.c4 e6 3.e3 Nf6 4.b3 b6 5.Be2 Bb7 6.Bb2 Nbd7 7.O-O Bd6 8.d3 O-O
9.Nbd2 a5 10.a3 c5 11.d4 Rc8 12.Bd3 Qc7 13.h3 Ne4 14.Rc1 f5 15.b4 cxb4 16.cxd5 Nc3
17.Bxc3 bxc3 18.dxe6 Nf6 19.Nb1 Nd5 20.Qb3 Kh8 21.Rc2 Qe7 22.Rfc1 a4 23.Qxa4 Qxe6
24.Nxc3 Ra8 25.Qb5 Bxa3 26.Nxd5 Bxd5 27.Rb1 Bxf3 28.gxf3 f4 29.Qh5 g6 30.Qe5+ Qxe5
31.dxe5 fxe3  1/2-1/2

[Event "11th Gibraltar Masters"]
[Site "Caleta ENG"]
[Date "2013.01.22"]
[Round "1.20"]
[White "Karlsson,J"]
[Black "Jussupow,Ar"]
[Result "0-1"]
[WhiteElo "2165"]
[BlackElo "2611"]

1.Nf3 d5 2.c4 e6 3.e3 g6 4.Nc3 Bg7 5.d4 Ne7 6.h4 h6 7.Bd3 dxc4 8.Bxc4 a6
9.b4 Nd7 10.Qb3 Nb6 11.Be2 Ned5 12.Bd2 Bd7 13.Rc1 O-O 14.Ne4 Bb5 15.Nc5 Bxe2
16.Kxe2 Ra7 17.e4 Nf6 18.Be3 Nc8 19.Qd3 b6 20.Nb3 Ng4 21.Rhd1 Nd6 22.e5 Nf5
23.Bf4 Qd5 24.Nbd2 Qxa2 25.Qb3 Qxb3 26.Nxb3 Ne7 27.Ne1 Nd5 28.Bd2 h5 29.Nd3 Rd8
30.Nf4 Nh6 31.g3 Nf5 32.Nxd5 Rxd5 33.Bc3 Rb5 34.Nd2 Bh6 35.Rb1 Bxd2 36.Rxd2 a5
37.Ra1 a4 38.Kd3 Rd5 39.Ra3 b5 40.Ke4 Ra6 41.Rd3 Rc6 42.Ra1 Rc4 43.Rad1 c5
44.bxc5 b4 45.Ba1 Rdxc5 46.Kf3 Rd5 47.Kg2 Kf8 48.f3 Ke8 49.Kf2 Kd7 50.g4 Rc2+
51.R1d2 Rxd2+ 52.Rxd2 hxg4 53.fxg4 Nxh4 54.Bb2 a3 55.Bc1 Ra5 56.Ra2 Kc6 57.Kg3 g5
58.Ra1 Ng6 59.Bxg5 b3 60.Bc1 b2  0-1

[Event "11th Gibraltar Masters"]
[Site "Caleta ENG"]
[Date "2013.01.22"]
[Round "1.31"]
[White "Maze,S"]
[Black "Jameson,D"]
[Result "1/2-1/2"]
[WhiteElo "2546"]
[BlackElo "2143"]

1.Nf3 d5 2.c4 d4 3.g3 c5 4.Bg2 Nc6 5.O-O Nf6 6.d3 e5 7.e3 Be7 8.exd4 exd4
9.Bf4 O-O 10.Ne5 Nxe5 11.Bxe5 Bd6 12.Bxf6 Qxf6 13.Nd2 Qg6 14.Ne4 Bd7 15.f4 Be7
16.Re1 Rfe8 17.Qf3 Rac8 18.Qf1 Bd8 19.Re2 h6 20.a3 b5 21.b3 bxc4 22.bxc4 Ba5
23.Rb1 f5 24.Nd2 Rxe2 25.Qxe2 Re8 26.Qf2 Bxd2 27.Qxd2 Bc6 28.Re1 Bxg2 29.Kxg2 Kf8
30.Kf2 Re6 31.Qa5 Rxe1 32.Qxe1 Qe8 33.Qd2 Kf7 34.h3 Qe6 35.Kf1 Qc6 36.Qg2 Qxg2+
37.Kxg2  1/2-1/2

[Event "Marianske Lazne Open 2013"]
[Site "Marianske Lazne CZE"]
[Date "2013.01.22"]
[Round "4.11"]
[White "Larsen,Fl"]
[Black "Paldus,P"]
[Result "1/2-1/2"]
[WhiteElo "2242"]
[BlackElo "1987"]

1.Nf3 d5 2.c4 e6 3.d4 c6 4.Nc3 f5 5.Bf4 Nf6 6.e3 Be7 7.Be2 Nh5 8.Be5 Nd7
9.Nd2 Nhf6 10.Bf4 O-O 11.O-O h6 12.h3 Nh7 13.Qc2 Ndf6 14.a3 Bd6 15.Bxd6 Qxd6
16.c5 Qc7 17.Nf3 Ng5 18.Ne5 Nf7 19.Ng6 Re8 20.f4 Kh7 21.Ne5 Kg8 22.b4 Nxe5
23.dxe5 Ne4 24.Nxe4 fxe4 25.Qc3 Bd7 26.Kh1 Qd8 27.Kh2 Rf8 28.Rf2 Qe7 29.Rg1 Rfb8
30.g4 Rf8 31.Rgf1 g6 32.Kg3 Rf7 33.h4 Raf8 34.Rh2 Rh7 35.Rhf2 Rhf7 36.Rh2  1/2-1/2

[Event "Marianske Lazne Open 2013"]
[Site "Marianske Lazne CZE"]
[Date "2013.01.22"]
[Round "5.5"]
[White "Burdalev,K"]
[Black "Bartos,J"]
[Result "1-0"]
[WhiteElo "2340"]
[BlackElo "2199"]

1.Nf3 d5 2.c4 c6 3.e3 Nf6 4.Nc3 e6 5.Qc2 Nbd7 6.b3 b6 7.cxd5 exd5 8.Nd4 Bb7
9.Bb2 g6 10.Be2 Bg7 11.O-O O-O 12.Nf3 Re8 13.d4 a5 14.Ba3 Bf8 15.Bxf8 Kxf8
16.Rfc1 Ne4 17.Nxe4 dxe4 18.Nd2 c5 19.dxc5 Nxc5 20.Qc3 Kg8 21.Nc4 Ba6 22.Rd1 Qg5
23.Rd2 b5 24.Nd6 b4 25.Qb2 Red8 26.Bxa6 Rxa6 27.Rad1 Qg4 28.h3 Qh5 29.Rd5 f5
30.Qa1 Nd3 31.Nxf5 gxf5 32.Rxd8+ Kf7 33.Rd7+ Ke6 34.Rc7 Rd6 35.Rf1 Ne5 36.Rc5 f4
37.exf4 Nf3+ 38.gxf3 Qxc5 39.fxe4 Kf7 40.Qe5 Rg6+ 41.Kh2 Qc2 42.f5 Rh6 43.Qf4 Rh5
44.Rc1 Qd3 45.Rc7+  1-0

[Event "11th Gibraltar Masters"]
[Site "Caleta ENG"]
[Date "2013.01.24"]
[Round "3.27"]
[White "Fridman,D"]
[Black "Vojinovic,J"]
[Result "1-0"]
[WhiteElo "2667"]
[BlackElo "2359"]

1.Nf3 d5 2.c4 e6 3.g3 c5 4.Bg2 Nc6 5.O-O Nf6 6.d4 Be7 7.dxc5 O-O 8.cxd5 exd5
9.Be3 Ng4 10.Bd4 Nxd4 11.Qxd4 Qa5 12.b4 Qa6 13.Nc3 Bf6 14.Qd2 Bxc3 15.Qxc3 Qxe2
16.Nd4 Qe5 17.Rae1 Qh5 18.h3 Nf6 19.g4 Qg6 20.Re5 h5 21.f3 Re8 22.gxh5 Qg3
23.Rxe8+ Nxe8 24.Qe1 Qxe1 25.Rxe1 Kf8 26.f4 Nf6 27.Re5 Bd7 28.Bxd5 Nxd5 29.Rxd5 Ke7
30.Re5+ Kf6 31.Nf3 Bxh3 32.Ng5 Bf5 33.Nxf7 Bb1 34.Nd6 Bxa2 35.Nxb7 Rb8 36.c6 Rc8
37.b5 Be6 38.Nd6 Rg8 39.Ne4+  1-0

[Event "11th Gibraltar Masters"]
[Site "Caleta ENG"]
[Date "2013.01.24"]
[Round "3.73"]
[White "Adrian,C"]
[Black "Christiansmeier,S"]
[Result "1-0"]
[WhiteElo "2260"]
[BlackElo "2051"]

1.Nf3 d5 2.c4 c6 3.g3 Nf6 4.Bg2 g6 5.O-O Bg7 6.d4 O-O 7.cxd5 cxd5 8.Nc3 Nc6
9.Ne5 Nxe5 10.dxe5 Ng4 11.Qxd5 Nxe5 12.Rd1 Nc6 13.Qg5 Qc7 14.Bf4 e5 15.Nd5 Qd8
16.Qxd8 Nxd8 17.Be3 Nc6 18.Bc5 Be6 19.Bxf8 Bxf8 20.Nc7  1-0

[Event "11th Gibraltar Masters"]
[Site "Caleta ENG"]
[Date "2013.01.25"]
[Round "4.35"]
[White "Gaehwiler,G"]
[Black "Gunina,V"]
[Result "1/2-1/2"]
[WhiteElo "2269"]
[BlackElo "2490"]

1.Nf3 d5 2.c4 c6 3.e3 Nf6 4.Nc3 e6 5.b3 Bd6 6.Bb2 O-O 7.Be2 b6 8.g4 Nxg4
9.Rg1 f5 10.h3 Nf6 11.Qc2 Qe7 12.cxd5 exd5 13.Nd4 Be5 14.Nf3 Bxc3 15.Qxc3 c5
16.d4 Ne4 17.Qc2 c4 18.bxc4 Be6 19.Qb3 Rd8 20.cxd5 Bxd5 21.Bc4 Qe6 22.Rc1 Nc6
23.Bxd5 Rxd5 24.Qc4 Ne7 25.Ne5 Rc8 26.Qa4 Rxc1+ 27.Bxc1 Rd8 28.f3 Nf6 29.Qb3 Qxb3
30.axb3 f4 31.e4 Rxd4 32.Rg2 Ng6 33.Nxg6 hxg6 34.Bxf4 Rd3 35.Ke2 Rxb3 36.Rxg6 a5
37.Be5 Kf7 38.Rg1 a4 39.Rc1 b5 40.Rc7+ Ke6 41.Bd4 Nh5 42.Rc3 Rb1 43.Rc6+ Kd7
44.Ra6 Rb3 45.Be3 a3 46.Kd2 b4 47.e5 Rc3 48.Ra4 Rc4 49.Kd3 Rh4 50.Kc2 Rxh3
51.Bd2 Rxf3 52.Bxb4 Ke6 53.Rxa3 Rxa3 54.Bxa3  1/2-1/2

[Event "11th Gibraltar Masters"]
[Site "Caleta ENG"]
[Date "2013.01.26"]
[Round "5.76"]
[White "Bird,A"]
[Black "Ramdewar,I"]
[Result "1-0"]
[WhiteElo "2223"]
[BlackElo "1658"]

1.Nf3 d5 2.c4 e6 3.g3 Nf6 4.Bg2 c5 5.cxd5 exd5 6.d4 Nc6 7.O-O Be7 8.Nc3 O-O
9.dxc5 Bxc5 10.Bg5 d4 11.Ne4 Be7 12.Bxf6 Bxf6 13.b4 a6 14.a4 Nxb4 15.Nxf6+ Qxf6
16.Qxd4 Qxd4 17.Nxd4 a5 18.Rfc1 Re8 19.e3 Rb8 20.Bf1 Be6 21.Nxe6 Rxe6 22.Rc5 Nc6
23.Bg2 Re5 24.Rac1 Kf8 25.Bxc6 Rxc5 26.Rxc5 Rc8 27.Rxa5 Rxc6 28.Rb5 b6 29.Rb4 Ke7
30.Kg2 h5 31.h3 g6 32.f4 Ke6 33.Kf3 Kf6 34.Rb5 Ke6 35.g4 hxg4+ 36.hxg4 Kf6
37.g5+ Ke7 38.Rb4 Ke6 39.e4 Rd6 40.Ke3 Ke7 41.f5 Rc6 42.Kd4 Kd7 43.Rc4 Rd6+
44.Ke5 Rd1 45.Rd4+ Rxd4 46.Kxd4 Kd6 47.Kc4 Ke5 48.fxg6  1-0

[Event "11th Gibraltar Masters"]
[Site "Caleta ENG"]
[Date "2013.01.26"]
[Round "5.57"]
[White "Karlsson,J"]
[Black "Godard,M"]
[Result "0-1"]
[WhiteElo "2165"]
[BlackElo "2340"]

1.Nf3 d5 2.c4 e6 3.e3 Nf6 4.Be2 dxc4 5.Bxc4 c5 6.O-O a6 7.d4 Nc6 8.dxc5 Bxc5
9.Qxd8+ Kxd8 10.a3 Ke7 11.b4 Ba7 12.Bb2 Rd8 13.Nc3 b5 14.Bb3 Bb7 15.Rfd1 Rac8
16.h3 Bb8 17.Ne2 g6 18.Nf4 Ne4 19.Nd3 Na7 20.Nd4 Bd5 21.Bxd5 Rxd5 22.f3 Nc3
23.Bxc3 Rxc3 24.Nf4 Bxf4 25.exf4 Nc8 26.Kf2 Nb6 27.Ke2 Kd6 28.Rd3 Rc4 29.Rad1 Na4
30.R1d2 Rc1 31.Nc2 Nb6 32.Ne3 Rxd3 33.Rxd3+ Nd5 34.g3 Rg1 35.Kf2 Ra1 36.g4 f5
37.Kg3 Rc1 38.Nxd5 exd5 39.Kh4 Rh1 40.gxf5 gxf5 41.Kg5 Rxh3 42.Kxf5 Rg3 43.Kf6 h5
44.Re3 d4 45.Re6+ Kd5 46.Re5+ Kc4 47.Rc5+ Kb3 48.Rxh5 Rxf3 49.Ke5 d3 50.Ke4 Rg3
51.Rd5 Kc2 52.Rc5+ Kd1 53.a4 d2 54.axb5 Ke2 55.Rc2 axb5 56.Kd4 Rh3 57.Rb2 Ke1
58.Rb1+ d1=Q+ 59.Rxd1+ Kxd1 60.f5 Rf3  0-1

[Event "6th Gora Sw Anny OpA"]
[Site "Gora Swietej Anny POL"]
[Date "2013.01.26"]
[Round "2.9"]
[White "Orzech,D"]
[Black "Flak,P"]
[Result "1-0"]
[WhiteElo "2372"]
[BlackElo "2240"]

1.Nf3 d5 2.c4 Nf6 3.cxd5 Nxd5 4.e4 Nf6 5.Nc3 c5 6.Bc4 e6 7.O-O Nc6 8.e5 Nd7
9.Re1 a6 10.a4 Be7 11.b3 Qc7 12.Bb2 Na5 13.Ne4 b6 14.d4 Nxc4 15.bxc4 cxd4
16.Qxd4 O-O 17.Rad1 Bc5 18.Qd2 Kh8 19.Neg5 Be7 20.Qd3 g6 21.Qe4 h6 22.Qh4 Kg7
23.Nxe6+ fxe6 24.Qxe7+ Rf7 25.Qxe6 Nc5 26.Qd6 Be6 27.Bd4 Rd8 28.a5 Qc8 29.Qxb6 Na4
30.Qb4 Qc6 31.Rd3 Rb7 32.Qa3 Qxc4 33.Nd2 Qb5 34.Ne4 Qxa5 35.Rc1 Qb4 36.Nd6 Qxa3
37.Rxa3 Rb4 38.Be3 g5 39.h3 Bd7 40.Rc7 Kf8 41.Nb7 Ke7 42.Nxd8 Kxd8 43.Ra7 Bc8
44.Rd3+ Ke8 45.Rd6  1-0

[Event "11th Gibraltar Masters"]
[Site "Caleta ENG"]
[Date "2013.01.27"]
[Round "6.40"]
[White "Kjartansson,G"]
[Black "Ferrante,M"]
[Result "1-0"]
[WhiteElo "2408"]
[BlackElo "2227"]

1.Nf3 d5 2.c4 c6 3.g3 g6 4.Bg2 Bg7 5.O-O e5 6.Qa4 Ne7 7.cxd5 Nxd5 8.Nc3 O-O
9.d3 h6 10.Bd2 Be6 11.Rac1 Qb6 12.Qc2 Nd7 13.a3 f5 14.b4 Rae8 15.Nd1 Qa6
16.e4 fxe4 17.dxe4 N5f6 18.a4 Kh7 19.Nb2 Nh5 20.h3 Rf7 21.Be3 Ref8 22.Qd1 Nb6
23.Nd2 Rd8 24.Qc2 Bf8 25.Nf3 Bxb4 26.Nxe5 Re7 27.Nbd3 Bd6 28.g4 Ng7 29.Nxg6 Kxg6
30.e5 Bxe5 31.Be4+ Kf6 32.f4  1-0

[Event "11th Gibraltar Masters"]
[Site "Caleta ENG"]
[Date "2013.01.27"]
[Round "6.69"]
[White "Gaehwiler,G"]
[Black "Compton,A"]
[Result "1-0"]
[WhiteElo "2269"]
[BlackElo "2087"]

1.Nf3 d5 2.c4 e6 3.g3 Nf6 4.Bg2 Be7 5.O-O O-O 6.d4 c5 7.cxd5 exd5 8.Nc3 Nc6
9.dxc5 Bxc5 10.Bg5 d4 11.Bxf6 Qxf6 12.Ne4 Qe7 13.Nxc5 Qxc5 14.Qd2 h6 15.b4 Qb6
16.a4 a6 17.a5 Qa7 18.Ne1 Bg4 19.Nd3 Rfe8 20.Rfe1 Re7 21.Nc5 Rae8 22.Bxc6 bxc6
23.f3 Bf5 24.Qf4 Bg6 25.Kf2 d3 26.e4 Rb7 27.Qe3 Rxb4 28.Nxd3 Rd4 29.Ra4 Red8
30.Rxd4 Rxd4 31.Re2 f6 32.Nb4 Be8 33.Nc2 Rd7 34.Qxa7 Rxa7 35.Rd2 Rb7 36.Ne3 Bg6
37.Rc2 Rb5 38.Rxc6 Rxa5 39.Nc4 Ra2+ 40.Ke3 Bf7 41.Rc8+ Kh7 42.Nd6 Ra3+ 43.Kd4 Ba2
44.Rc7 Kg8 45.f4 Bb1 46.Nf5 Ra4+ 47.Kc5 Bxe4 48.Nxg7 Ra2 49.Kd6 Rd2+ 50.Ke6 Rxh2
51.Kxf6 Rc2 52.Re7 Rc6+ 53.Ne6 Bd5 54.f5 h5 55.Kg6 Rc8 56.f6  1-0

[Event "11th Gibraltar Masters"]
[Site "Caleta ENG"]
[Date "2013.01.27"]
[Round "6.81"]
[White "Tscharotschkin,M"]
[Black "Tuchtfeld,J"]
[Result "1-0"]
[WhiteElo "2200"]
[BlackElo "2051"]

1.Nf3 d5 2.c4 d4 3.e3 c5 4.b4 Nf6 5.exd4 cxd4 6.Bb2 e5 7.Nxe5 Nc6 8.Nxc6 bxc6
9.Qe2+ Be7 10.Qd3 c5 11.bxc5 Bxc5 12.Be2 O-O 13.O-O g6 14.Qc2 Bb7 15.d3 Re8
16.Qd1 Rb8 17.Bc1 Qd6 18.Bf3 Bxf3 19.Qxf3 Rb6 20.Bf4 Qd7 21.Bg5 Ng4 22.Nd2 h6
23.Bf4 g5 24.h3 Nf6 25.Bh2 Rbe6 26.Rab1 Bd6 27.Bxd6 Qxd6 28.Rb7 R8e7 29.Rxe7 Rxe7
30.Rb1 Kg7 31.Nf1 Qa6 32.Ng3 Kg6 33.Qf5+ Kg7 34.Qb5 Qxb5 35.cxb5 Kg6 36.a4 Nd5
37.Ne4 Nf4 38.Nc5 Rc7 39.Nb3 Nxd3 40.Nxd4 Rc4 41.Nc6 Rxa4 42.Rd1 Nf4 43.Rd7 Ne2+
44.Kh2 Nc3 45.Rxa7 Rxa7 46.Nxa7 Na4 47.Nc8 Nc5 48.b6 Nb7 49.Ne7+ Kf6 50.Nd5+ Ke6
51.Ne3 h5 52.h4 Kf6 53.hxg5+ Kxg5 54.Kh3 Nd6 55.Nc4 Nb7 56.Ne5 f6 57.Nf3+ Kg6
58.Kh4 Nd6 59.Nd4 Nb7 60.Ne2 Nd6 61.Ng3 Kf7 62.Nxh5 Kg6 63.g4 Kf7 64.f4 Kg6
65.Ng3 Nb7 66.f5+ Kh6 67.Nh5  1-0

[Event "TCh-CZE Div1 Zapad 2012-13"]
[Site "Czech Republic CZE"]
[Date "2013.01.27"]
[Round "6.5"]
[White "Nidl,P"]
[Black "Priehoda,V"]
[Result "0-1"]
[WhiteElo "2205"]
[BlackElo "2414"]

1.Nf3 d5 2.c4 d4 3.e4 g6 4.d3 Bg7 5.b4 e5 6.Bb2 Ne7 7.Nbd2 O-O 8.Be2 c5 9.bxc5 Na6
10.Nb3 Nxc5 11.Nxc5 Qa5+ 12.Nd2 Qxc5 13.O-O Be6 14.Qa4 Qc7 15.Ba3 Rfe8 16.Rab1 Nc6
17.Rb2 a6 18.Rfb1 b5 19.Qc2 Rec8 20.Bb4 Nxb4 21.Rxb4 Bf8 22.R4b2 b4 23.Qd1 h5
24.h3 a5 25.Qf1 Bh6 26.Nf3 Rab8 27.Nh2 Kh7 28.Bd1 Rg8 29.Qe1 Bd7 30.Bc2 f5
31.Nf1 f4 32.Qd1 Bf8 33.a4 Be7 34.Bb3 Bc5 35.Kh2 Rbf8 36.Ra1 Kh6 37.Nd2 g5
38.Qf1 g4 39.Bd1 Qd6 40.Nb3 Qc7 41.Qe1 Rg6 42.Qd2 gxh3 43.gxh3 Bxh3 44.Bf3 Bg4
45.Bxg4 Rxg4 46.Rg1 Rh4+ 47.Kg2 Rg8+ 48.Kf1 Rxg1+  0-1

[Event "TCh-CZE Div1 Zapad 2012-13"]
[Site "Czech Republic CZE"]
[Date "2013.01.27"]
[Round "6.6"]
[White "Rehorek,M"]
[Black "Tichy,Vl"]
[Result "1-0"]
[WhiteElo "2304"]
[BlackElo "2237"]

1.Nf3 d5 2.c4 c6 3.g3 Nf6 4.Bg2 Bg4 5.O-O Nbd7 6.d3 e6 7.Nc3 Bc5 8.Qc2 O-O
9.a3 a5 10.Na4 Be7 11.c5 e5 12.e4 Bxf3 13.Bxf3 d4 14.Bg2 Qc7 15.Bh3 b5 16.cxb6 Nxb6
17.f4 Nxa4 18.Qxa4 c5 19.fxe5 Qxe5 20.Rf5 Qc7 21.Qc4 Nd7 22.Bf4 Qb7 23.Rf1 Nb6
24.Qb5 g6 25.Re5 Rfb8 26.Rxc5 Bxc5 27.Bxb8 Rxb8 28.Qxc5 Na4 29.Qxd4 Nxb2
30.Rb1 Qb3 31.Qe5 Rb5 32.Qf6 Qxa3 33.Be6 Rb7 34.Rc1  1-0

[Event "6th Gora Sw Anny OpA"]
[Site "Gora Swietej Anny POL"]
[Date "2013.01.27"]
[Round "3.2"]
[White "Mista,A"]
[Black "Hnydiuk,A"]
[Result "1-0"]
[WhiteElo "2558"]
[BlackElo "2416"]

1.Nf3 d5 2.c4 c6 3.g3 dxc4 4.Bg2 Nf6 5.O-O Be6 6.Ng5 Bd5 7.e4 h6 8.exd5 hxg5
9.dxc6 Nxc6 10.Na3 e6 11.Nxc4 Be7 12.d4 Nd5 13.Ne3 Qd7 14.Nxd5 exd5 15.f4 gxf4
16.Bxf4 O-O 17.Qh5 Bf6 18.Be3 Rfe8 19.Rxf6 Rxe3 20.Rf4 g6 21.Qh6 Qe6 22.Rh4 Re1+
23.Rxe1 Qxe1+ 24.Bf1  1-0

[Event "11th Gibraltar Masters"]
[Site "Caleta ENG"]
[Date "2013.01.28"]
[Round "7.35"]
[White "Adrian,C"]
[Black "Tischbierek,R"]
[Result "0-1"]
[WhiteElo "2260"]
[BlackElo "2472"]

1.Nf3 d5 2.c4 c6 3.g3 Bg4 4.Bg2 e6 5.Ne5 Bh5 6.cxd5 exd5 7.g4 Bd6 8.gxh5 Bxe5
9.d4 Bd6 10.Nc3 f5 11.Qd3 Qf6 12.h4 h6 13.Qf3 Qxd4 14.Qxf5 Ne7 15.Qe6 Rf8
16.Be3 Qe5 17.Bh3 Qxe6 18.Bxe6 Nf5 19.O-O-O Nxe3 20.fxe3 Ke7 21.Bh3 Be5 22.Rhg1 Na6
23.Nxd5+ cxd5 24.Rxd5 Bf6 25.Rd7+ Ke8 26.Rxb7 Rf7 27.Rb5 Rc7+ 28.Kb1 Rb8
29.Rxb8+ Nxb8 30.Rg4 Nd7 31.Rb4 Nb6 32.b3 Nd5  0-1

[Event "6th Gora Sw Anny OpA"]
[Site "Gora Swietej Anny POL"]
[Date "2013.01.28"]
[Round "4.4"]
[White "Orzech,D"]
[Black "Nurkiewicz,M"]
[Result "1-0"]
[WhiteElo "2372"]
[BlackElo "2395"]

1.Nf3 d5 2.c4 dxc4 3.e3 c5 4.Bxc4 Nf6 5.O-O e6 6.d4 a6 7.Bd3 Nc6 8.Nc3 cxd4
9.exd4 Be7 10.Bg5 O-O 11.Rc1 Nb4 12.Bb1 b5 13.Re1 Bb7 14.Ne5 g6 15.Qe2 Qd6
16.Rcd1 Rac8 17.h4 Nbd5 18.Ne4 Nxe4 19.Qxe4 Rc7 20.Bh6 Rd8 21.Qg4 Bf8 22.Bd2 Nf6
23.Qg5 Qd5 24.Ba5 Bh6 25.Qg3 Bf4 26.Qf3 Qxf3 27.Nxf3 Bxf3 28.gxf3 Rdc8 29.Bxc7 Rxc7
30.Be4 Kf8 31.d5 Ke7 32.dxe6 fxe6 33.Re2 Rc5 34.Bc2 Nh5 35.Bb3 Be5 36.Rde1 Kf6
37.Rc2 Rxc2 38.Bxc2 Bxb2 39.Be4 Nf4 40.Kf1 Ke7 41.Bb7 a5 42.Rb1 Bc3 43.Rxb5 Kd6
44.Be4 Bb4 45.Rb7 h5 46.Rg7 Bc3 47.Rg8 Bf6 48.Bxg6 Bxh4 49.Bxh5 Bf6 50.Be8 Bc3
51.Bb5 e5 52.Rd8+ Ke7 53.Rc8 Bb4 54.Rc6 Ne6 55.Kg2 Nd4 56.Rb6 Bc5 57.Rb7+ Kf6
58.Bc4 a4 59.Rc7 Bb6 60.Rf7+ Kg5 61.Bd3 Bc5 62.Be4 a3 63.Kh3 Kh5 64.f4 exf4
65.Rxf4 Kg5 66.Rf7 Bd6 67.f3 Be5 68.Ra7 Bd6 69.Ra6 Be7 70.Ra7 Bd6 71.Rd7 Be5
72.Kg2 Ne2 73.Kf2 Nc3 74.Bd5 Bd4+ 75.Kg2 Kf4 76.Bb3 Ke3 77.Kg3 Ne2+ 78.Kg4 Be5
79.Bc4 Nf4 80.Bb5 Bb8 81.Bc4 Be5 82.Rd8 Bc7 83.Re8+ Kd2 84.Re4 Ng6 85.f4 Kc3
86.Bf7  1-0

[Event "11th Gibraltar Masters"]
[Site "Caleta ENG"]
[Date "2013.01.29"]
[Round "8.95"]
[White "Spanton,T"]
[Black "Compton,A"]
[Result "1/2-1/2"]
[WhiteElo "2017"]
[BlackElo "2087"]

1.Nf3 d5 2.c4 e6 3.g3 Nf6 4.Bg2 Be7 5.O-O O-O 6.b3 c5 7.Bb2 Nc6 8.d3 d4 9.Nbd2 Re8
10.a3 a5 11.Qc2 h6 12.e3 e5 13.exd4 cxd4 14.Rfe1 Bd6 15.Rad1 Bg4 16.Rb1 Qd7
17.Ne4 Nxe4 18.Rxe4 Bf5 19.Ree1 Bh7 20.c5 Bc7 21.Qc4 Qe6 22.Qxe6 Rxe6 23.Bf1 e4
24.Nxd4 Nxd4 25.Bxd4 Rd8 26.Bc3 exd3 27.Rxe6 fxe6 28.Rd1 e5 29.b4 a4 30.f3 b6
31.Kf2 bxc5 32.bxc5 Rd5 33.Bb4 Bd8 34.Ke3 Bg5+ 35.f4 exf4+ 36.gxf4 Be7 37.c6 Bc5+
38.Kd2 Bb6 39.Bg2 Rh5 40.h3 Bc7 41.Ke3 g5 42.Bd5+ Kg7 43.Bc3+ Kf8 44.fxg5 Rxg5
45.Rf1+ Rf5 46.Rxf5+ Bxf5 47.h4 Ke7 48.Be4 Bxe4 49.Kxe4 Bd6 50.Kxd3 Bxa3
51.Kc4 Ke6 52.Kb5 Be7 53.Kb6 Bd8+ 54.c7 Bxc7+ 55.Kxc7 Kf5  1/2-1/2

[Event "11th Gibraltar Masters"]
[Site "Caleta ENG"]
[Date "2013.01.31"]
[Round "10.42"]
[White "Amato,A"]
[Black "Moreno Tejera,E"]
[Result "0-1"]
[WhiteElo "2259"]
[BlackElo "2413"]

1.Nf3 d5 2.c4 c6 3.g3 dxc4 4.Bg2 Nd7 5.O-O Nb6 6.Qc2 Nf6 7.Na3 Qd5 8.Ne1 Qh5
9.e4 Bh3 10.Nxc4 Bxg2 11.Kxg2 Qe2 12.Ne3 Ng4 13.Nxg4 Qxg4 14.a4 Nd7 15.a5 a6
16.f3 Qe6 17.Qc3 Qd6 18.d4 e5 19.Be3 exd4 20.Bxd4 O-O-O 21.Nc2 Nc5 22.Rfd1 Ne6
23.Bb6 Qxd1 24.Rxd1 Rxd1 25.Ne3 Rd7 26.f4 f6 27.e5 Be7 28.Qc4 Nc7 29.e6 Rd2+
30.Kh3 g6 31.f5 g5 32.Qc3 Rhd8 33.Bc5 Bxc5 34.Qxc5 h5 35.Nf1 Re2 36.Qe7 Nd5
37.Qf7 Nf4+ 38.gxf4 Rd3+  0-1

[Event "6th Gora Sw Anny OpA"]
[Site "Gora Swietej Anny POL"]
[Date "2013.02.01"]
[Round "8.5"]
[White "Dobrowolski,P"]
[Black "Poswiatowski,M"]
[Result "1-0"]
[WhiteElo "2417"]
[BlackElo "2029"]

1.Nf3 d5 2.c4 e6 3.e3 Nf6 4.b3 b6 5.Bb2 Nbd7 6.Qc2 Bb7 7.Be2 c5 8.O-O Rc8
9.Nc3 Bd6 10.cxd5 exd5 11.Qf5 O-O 12.d4 g6 13.Qh3 Qe7 14.Rfd1 Rfd8 15.Rac1 Bb8
16.Qh4 h5 17.Qg5 Qe6 18.h3 a6 19.Qh6 Bd6 20.dxc5 bxc5 21.Qg5 Be7 22.Qf4 Bd6
23.Qh4 Be7 24.Qa4 Qb6 25.Ba1 Nb8 26.Qf4 Qc7 27.Ne5 Bd6 28.Nb5 axb5 29.Qxf6 Qe7
30.Qxe7 Bxe7 31.Bxb5 Ba6 32.Bxa6 Nxa6 33.Nd3 c4 34.bxc4 dxc4 35.Nf4 Rxd1+
36.Rxd1 c3 37.Bxc3 Rxc3 38.Nd5 Bb4 39.Nxc3 Bxc3 40.a4 Kf8 41.Rd6 Nc5 42.Rc6 Bb4
43.a5  1-0

[Event "TCh-AUT 2 East 2012-13"]
[Site "Austria AUT"]
[Date "2013.02.02"]
[Round "6.1"]
[White "Baumegger,S"]
[Black "Pisk,P"]
[Result "1/2-1/2"]
[WhiteElo "2462"]
[BlackElo "2389"]

1.Nf3 d5 2.c4 e6 3.d4 c5 4.cxd5 exd5 5.g3 Nc6 6.Bg2 Nf6 7.O-O Be7 8.Be3 c4
9.Ne5 O-O 10.b3 cxb3 11.Qxb3 Na5 12.Qa4 Be6 13.Rc1 b6 14.Nd2 Ng4 15.Bf4 Nxe5
16.Bxe5 Rc8 17.Qb5 Ba3 18.Rxc8 Qxc8 19.Qd3 Bb4 20.Rd1 Bxd2 21.Qxd2 Nc4 22.Qb4 a5
23.Qb5 Nxe5 24.dxe5 Qc2 25.Qb1 Qxe2 26.Bxd5 Qxe5 27.Qxb6 Qe2 28.Bb3 g6 29.Qe3 Qxe3
30.fxe3 Bxb3 31.axb3 Rb8 32.Rd3 Kg7 33.Kf2 Rb4 34.Kf3 h5 35.Rd5  1/2-1/2